<?xml version="1.0" encoding="UTF-8"?>
<record
    xmlns:xsi="http://www.w3.org/2001/XMLSchema-instance"
    xsi:schemaLocation="http://www.loc.gov/MARC21/slim http://www.loc.gov/standards/marcxml/schema/MARC21slim.xsd"
    xmlns="http://www.loc.gov/MARC21/slim">

  <leader>02486pam a2200409 a 4500</leader>
  <datafield tag="999" ind1=" " ind2=" ">
    <subfield code="c">27150</subfield>
    <subfield code="d">27122</subfield>
  </datafield>
  <controlfield tag="001">015992120</controlfield>
  <controlfield tag="003">Uk</controlfield>
  <controlfield tag="005">20190214102329.0</controlfield>
  <controlfield tag="008">111208s2012    enk    frb    001|0 eng|d</controlfield>
  <datafield tag="015" ind1=" " ind2=" ">
    <subfield code="a">GBB1E3049</subfield>
    <subfield code="2">bnb</subfield>
  </datafield>
  <datafield tag="016" ind1="7" ind2=" ">
    <subfield code="a">015992120</subfield>
    <subfield code="2">Uk</subfield>
  </datafield>
  <datafield tag="020" ind1=" " ind2=" ">
    <subfield code="a">9781849042000 (hbk.) </subfield>
  </datafield>
  <datafield tag="020" ind1=" " ind2=" ">
    <subfield code="a">1849042004 (hbk.) </subfield>
  </datafield>
  <datafield tag="040" ind1=" " ind2=" ">
    <subfield code="a">StDuBDS</subfield>
    <subfield code="b">eng</subfield>
    <subfield code="c">StDuBDS</subfield>
    <subfield code="d">Uk</subfield>
    <subfield code="d">EG-ScBUE</subfield>
  </datafield>
  <datafield tag="082" ind1="0" ind2="4">
    <subfield code="a">320.96109051</subfield>
    <subfield code="2">22</subfield>
    <subfield code="b">WIL</subfield>
  </datafield>
  <datafield tag="100" ind1="1" ind2=" ">
    <subfield code="a">Willis, Michael J.</subfield>
    <subfield code="c">(Lecturer)</subfield>
  </datafield>
  <datafield tag="245" ind1="1" ind2="0">
    <subfield code="a">Politics and power in the Maghreb :</subfield>
    <subfield code="b">Algeria, Tunisia and Morocco from independence to the Arab Spring /</subfield>
    <subfield code="c">Michael J. Willis.</subfield>
  </datafield>
  <datafield tag="264" ind1=" " ind2="1">
    <subfield code="a">London :</subfield>
    <subfield code="b">C. Hurst &amp; Co. (Publishers) Ltd.,</subfield>
    <subfield code="c">c.2012.</subfield>
  </datafield>
  <datafield tag="300" ind1=" " ind2=" ">
    <subfield code="a">vii, 410 pages ;</subfield>
    <subfield code="c">23 cm.</subfield>
  </datafield>
  <datafield tag="336" ind1=" " ind2=" ">
    <subfield code="a">text</subfield>
    <subfield code="2">rdacontent</subfield>
  </datafield>
  <datafield tag="337" ind1=" " ind2=" ">
    <subfield code="a">unmediated</subfield>
    <subfield code="2">rdamedia</subfield>
  </datafield>
  <datafield tag="338" ind1=" " ind2=" ">
    <subfield code="a">volume</subfield>
    <subfield code="2">rdacarrier</subfield>
  </datafield>
  <datafield tag="504" ind1=" " ind2=" ">
    <subfield code="a">Includes bibliographical references and index.</subfield>
  </datafield>
  <datafield tag="505" ind1=" " ind2=" ">
    <subfield code="a">The imprint of history --
Post-independence state-building --
The military --
Political parties --
Islamist movements --
The Berber question --
Politics and economics --
Regional relations --
International relations.</subfield>
  </datafield>
  <datafield tag="520" ind1=" " ind2=" ">
    <subfield code="a">This book examines the politics of three important players in the central Maghreb -- Algeria, Tunisia, and Morocco -- since they gained independence from European colonial rule in the 1950s and 1960s. Michael J. Willis maps the political dynamics of the region by focusing on the roles played by multiple actors, including the military, various political parties, and Islamist movements. He also examines cultural issues, such as the evolution and importance of Berber identity, and carefully weighs social and economic factors. Finally, he explores the relationship among the three states of the Maghreb and delves into the motivations driving their behavior toward outside powers.</subfield>
  </datafield>
  <datafield tag="650" ind1=" " ind2="7">
    <subfield code="2">BUEsh</subfield>
    <subfield code="a">Protest movements</subfield>
    <subfield code="z">Africa, North.</subfield>
    <subfield code="9">42014</subfield>
  </datafield>
  <datafield tag="651" ind1=" " ind2="7">
    <subfield code="2">BUEsh</subfield>
    <subfield code="a">Algeria</subfield>
    <subfield code="x">Politics and government</subfield>
    <subfield code="y">1962-1990.</subfield>
    <subfield code="9">42016</subfield>
  </datafield>
  <datafield tag="651" ind1=" " ind2="7">
    <subfield code="2">BUEsh</subfield>
    <subfield code="a">Algeria</subfield>
    <subfield code="x">Politics and government</subfield>
    <subfield code="y">1990-</subfield>
    <subfield code="9">42015</subfield>
  </datafield>
  <datafield tag="651" ind1=" " ind2="7">
    <subfield code="2">BUEsh</subfield>
    <subfield code="a">Morocco </subfield>
    <subfield code="x">Politics and government </subfield>
    <subfield code="y">1961-1999.</subfield>
    <subfield code="9">42010</subfield>
  </datafield>
  <datafield tag="651" ind1=" " ind2="7">
    <subfield code="2">BUEsh</subfield>
    <subfield code="a">Morocco</subfield>
    <subfield code="x">Politics and government </subfield>
    <subfield code="y">1999-</subfield>
    <subfield code="9">42011</subfield>
  </datafield>
  <datafield tag="651" ind1=" " ind2="7">
    <subfield code="2">BUEsh</subfield>
    <subfield code="a">Tunisia</subfield>
    <subfield code="x">Politics and government</subfield>
    <subfield code="y">1956-1987.</subfield>
    <subfield code="9">42013</subfield>
  </datafield>
  <datafield tag="651" ind1=" " ind2="7">
    <subfield code="2">BUEsh</subfield>
    <subfield code="a">Tunisia</subfield>
    <subfield code="x">Politics and government</subfield>
    <subfield code="y">1987-</subfield>
    <subfield code="9">40014</subfield>
  </datafield>
  <datafield tag="651" ind1=" " ind2="7">
    <subfield code="2">BUEsh</subfield>
    <subfield code="a">Africa, North</subfield>
    <subfield code="x">Foreign relations.</subfield>
    <subfield code="9">42012</subfield>
  </datafield>
  <datafield tag="653" ind1=" " ind2=" ">
    <subfield code="b">BUSBOL</subfield>
    <subfield code="c">February2019</subfield>
  </datafield>
  <datafield tag="942" ind1=" " ind2=" ">
    <subfield code="2">ddc</subfield>
    <subfield code="c">BB</subfield>
  </datafield>
  <datafield tag="952" ind1=" " ind2=" ">
    <subfield code="0">0</subfield>
    <subfield code="1">0</subfield>
    <subfield code="2">ddc</subfield>
    <subfield code="4">0</subfield>
    <subfield code="7">0</subfield>
    <subfield code="8">MERIC</subfield>
    <subfield code="a">MAIN</subfield>
    <subfield code="b">MAIN</subfield>
    <subfield code="c">1ST</subfield>
    <subfield code="d">2019-02-14</subfield>
    <subfield code="e">Purchase</subfield>
    <subfield code="g">332.15</subfield>
    <subfield code="h">000292</subfield>
    <subfield code="l">0</subfield>
    <subfield code="o">320.96109051 WIL</subfield>
    <subfield code="p">000044193</subfield>
    <subfield code="r">2025-07-15 00:00:00</subfield>
    <subfield code="w">2019-02-14</subfield>
    <subfield code="y">BB</subfield>
  </datafield>
</record>
